000 00449nam a22001697a 4500
005 20180305120137.0
008 160527b xxu||||| |||| 00| 0 eng d
020 _a0-07-054088-8
041 _aeng
082 _b5366
_a332
100 _aGrinblott, Mark & Titman Sheridan
_91344
245 _aFinancial Markets and Corporate Strategy
260 _aNew Delhi
_bAcademic Faundation
_c2004
300 _a854
650 _aManagement
_9241
942 _cBK
999 _c1900
_d1899